Statistiques concernant Les pays d'origine de réalisateurs connus

Cliquez ici pour prendre le quiz!

Statistiques générales

  • Ce quiz a été pris 106 fois
  • Le résultat moyen est 14 sur 20

Statistiques - réponses

Réponse% Correct
États-Unis
100%
Corée-du-sud
98%
Chine (Hong-Kong)
96%
Italie
94%
Japon
94%
Royaume-Uni
91%
France
90%
Allemagne
82%
Canada
80%
Espagne
78%
Suède
72%
Turquie
69%
Iran
63%
Finlande
56%
Sénégal
53%
République Tchèque
50%
Ukraine
48%
Arabie Saoudite
43%
Australie
37%
Mauritanie
28%

Distribution des résultats

Percentile par nombre de réponses

% des personnes avec chaque résultat

Votre développement - résultats

Vous n’avez pas pris ce quiz